| 000 | 00767nam a22002657a 4500 | ||
|---|---|---|---|
| 001 | 9324 | ||
| 003 | FISKH | ||
| 005 | 20260327161320.0 | ||
| 008 | 251210b cb ||||| |||| 00| 0 eng d | ||
| 020 | _a9780516258423 | ||
| 040 |
_aFISKH _beng _cFISKH _dFISKH |
||
| 050 | _aQC360 .T78 | ||
| 082 | _a535 | ||
| 100 |
_aTrumbauer, Lisa _eAuthor |
||
| 245 |
_aAll about light : _bRookie read-about science / _cBy Lisa Trumbauer |
||
| 260 |
_aNew York : _bChildren's Press , _c2004 |
||
| 300 |
_a31 pages : _bcolor illustrations ; _c18 cm |
||
| 505 | _aJ | ||
| 520 | _aAn introduction to the sources and characteristics of light. | ||
| 521 | 8 |
_a460
_bLexile |
|
| 521 | 8 |
_aJ
_bRaz-Plus |
|
| 650 |
_aScience _vHow it works |
||
| 942 |
_2ddc _cBK _n0 |
||
| 999 |
_c9324 _d9324 |
||